Twilight Breaking Dawn Part 1 Soundtrack Artists - Statistics

General Stats
  • This quiz has been taken 20 times
  • The average score is 7 of 19
Answer Stats
Song Artist % Correct
A Thousand Years Christina Perri
93%
It Will Rain Bruno Mars
73%
Flighless Bird, American Mouth ( Wedding Version) Iron & Wine
60%
Turning Page Sleeping At Last
47%
Turning Page Instrumental Sleeping At Last
47%
A Nova Vida Carter Burwell
40%
Love Death Birth Carter Burwell
40%
From Now On The Features
40%
Cold Lucy Schwartz
33%
Llovera Mia Maestro
33%
Sister Rosetta ( 2011 Version) Noisettes
33%
I Didn't Mean It The Belle Brigade
33%
Endtapes The Joy Formidable
33%
Love Will Take You Angus & Julia Stone
27%
Requiem on Water Imperial Mammoth
27%
Like a Drug Hard-Fi
20%
Northern Lights Cider Sky
13%
Eclipse ( all Yours) Kevin Teasley
13%
Neighbors Theophilus London
13%
No matching quizzes found
Score Distribution
Percent of People with Each Score
Percentile by Number Answered
Your Score History
You have not taken this quiz